| 000 | 00542nam a2200181 i 4500 | ||
|---|---|---|---|
| 001 | 21828 | ||
| 003 | ES-MaACL | ||
| 005 | 20231220204004.0 | ||
| 007 | t| | ||
| 008 | 021128s1977 sp ||||1| spa d | ||
| 100 | 1 |
_aAleixandre, Vicente, _d1898-1984 _919688 |
|
| 245 | 1 | 0 |
_aPoemas paradisiacos / _cVicente Aleixandre ; edición de José Luis Cano. |
| 260 |
_aMadrid : _bCátedra, _c[1977] |
||
| 300 |
_a120 p. ; _c18 cm. |
||
| 700 | 1 |
_aCano, José Luis, _d1912-1999 _934532 |
|
| 852 |
_aES-MaACL _jA-8239 _bR.97237 |
||
| 999 |
_c21828 _d21828 |
||